=LDR 00000nam 2200000 4500 =001 INLIS000000000044997 =005 20141209095542.0 =006 =007 =008 =020 ##$$a 979-17089-5-9 =035 ##$$0010-121400000000147 =040 ##$$a NBPDMAT =082 ##$$a 616.994 =090 ##$$a 616.994 $b Abd c =100 ##$$a Abdul Ghofar =245 ##$$a Cara mudah mengenal & mengobati kanker / $c Abdul Ghofar ; Penyunting, Ina =260 ##$$a Yogyakarta : $b Flamingo, $c 2009 =300 ##$$a 144 hlm. : $b ilus. ; $c 18 cm. =650 ##$$a Kanker =700 ##$$a Ina =850 ##$$a NBPDMAT